[Event "Almaty op"]
[Site "Almaty"]
[Date "2016.10.09"]
[Round "4"]
[White "Tokhirjonova, Gulruhbegim"]
[Black "Kassimov, Baurzhan"]
[Result "1/2-1/2"]
[WhiteElo "2286"]
[BlackElo "2401"]
[PlyCount "160"]
[EventDate "2016.10.06"]
[EventType "swiss"]
[EventRounds "9"]
[EventCountry "KAZ"]
[SourceTitle "EXT 2017"]
[Source "ChessBase"]
[SourceDate "2016.10.25"]
[SourceVersion "1"]
[SourceVersionDate "2016.10.25"]
[SourceQuality "1"]

1. e4 e5 2. Nf3 Nc6 3. Bb5 a6 4. Ba4 Nge7 5. c3 g6 6. d4 exd4 7. cxd4 Bg7 8. 0-0 0-0 9. Nc3 d6 10. h3 b5 11. Bc2 Bb7 12. Re1 Na5 13. Bf4 Rc8 14. Qe2 Re8 15. Rad1 Nc4 16. Bb3 Na5 17. Bc2 Nc4 18. Bb1 Nb6 19. a3 Ned5 20. Nxd5 Nxd5 21. Bg5 Qd7 22. Qd2 Nb6 23. b3 c6 24. Nh2 Qe6 25. Qe3 Nd7 26. f4 c5 27. Nf3 f5 28. d5 Qf7 29. Qd2 fxe4 30. Bxe4 Nf6 31. Bxf6 Qxf6 32. Ng5 Qd4+ 33. Qxd4 Bxd4+ 34. Kh2 Bb2 35. a4 c4 36. axb5 axb5 37. bxc4 bxc4 38. Ne6 Ba6 39. g4 Bg7 40. f5 Be5+ 41. Kh1 gxf5 42. gxf5 c3 43. Bc2 Bc4 44. Rxe5 dxe5 45. d6 Rxe6 46. fxe6 Bxe6 47. Kg2 Rd8 48. Rd3 h6 49. Rxc3 Rxd6 50. Bb3 Kf7 51. Kf3 Bxb3 52. Rxb3 Ke6 53. Ke3 Ra6 54. Rb8 Kf5 55. Rf8+ Rf6 56. Re8 Kg5 57. Rxe5+ Kh4 58. Re8 Kxh3 59. Rh8 Kh4 60. Rg8 h5 61. Rg1 Rf5 62. Ke2 Kh3 63. Rg7 h4 64. Rg8 Kh2 65. Rg4 h3 66. Rg8 Ra5 67. Kf2 Ra2+ 68. Kf1 Rg2 69. Rh8 Rg5 70. Kf2 Rf5+ 71. Ke2 Rf4 72. Rg8 Rb4 73. Kf2 Rb1 74. Rg7 Rb2+ 75. Kf1 Rg2 76. Rh7 Rg4 77. Kf2 Rf4+ 78. Ke3 Rf1 79. Ke2 Rf5 80. Rg7 Ra5 1/2-1/2